Personnage mystère #666 - Statistiques

Statistiques générales
  • Ce quiz a été pris 171 fois
  • Le résultat moyen est 5 sur 7
Statistiques - réponses
Lettres Indices % Correct
SED Des
100%
OIR Roi
100%
TRILLOUICES Citrouilles
79%
WALELONEH Halloween
76%
TETIQUELESUQ Squelettique
63%
PANOUTÉILAV Épouvantail
61%
Nom du personnage Jack
38%
Aucun quiz correspondant
Distribution des résultats
% des personnes avec chaque résultat
Percentile par nombre de réponses
Votre historique - résultats
Vous n’avez pas pris ce quiz